[Event "4NCL/Div4/PAND vs. ANGA"]
[Site "Sunningdale ENG"]
[Date "2007.05.26"]
[Round "9.5"]
[White "Taylor, Robert M"]
[Black "Gray, Mark S"]
[Result "1/2-1/2"]
[WhiteElo "2215"]
[BlackElo "2095"]
[PlyCount "82"]
[EventDate "2007.05.26"]
[EventType "team"]
[EventRounds "11"]
[EventCountry "ENG"]
[WhiteTeam "Pandoras Box"]
[BlackTeam "Ang Avengers"]

1. e4 e5 2. Nf3 Nc6 3. Bb5 a6 4. Ba4 Nf6 5. d3 b5 6. Bb3 Bc5 7. c3 O-O 8. Nbd2
d5 9. O-O Bb7 10. exd5 Nxd5 11. Ne4 Be7 12. Ng3 Kh8 13. Re1 f6 14. Nf5 Bc5 15.
d4 exd4 16. N3xd4 Nxd4 17. Nxd4 Re8 18. Rf1 Qd7 19. Bc2 Re5 20. a4 Bd6 21. axb5
axb5 22. Rxa8+ Bxa8 23. Bd3 b4 24. c4 Nb6 25. Bf4 Re8 26. Bxd6 cxd6 27. b3 Qb7
{=} 28. Qg4 Nd7 29. Bxh7 Ne5 30. Qh3 Qxg2+ 31. Qxg2 Bxg2 32. Kxg2 Kxh7 {=} 33.
Ra1 Re7 34. Ra6 Rd7 35. Ra5 Nd3 36. Kf3 Nc5 37. Rb5 Rb7 38. Rxb7 Nxb7 39. Nc6
Nc5 40. Nxb4 Nxb3 41. Ke4 Kg6 1/2-1/2

[Event "4NCL/Div4/PAND vs. ANGA"]
[Site "Sunningdale ENG"]
[Date "2007.05.26"]
[Round "9.6"]
[White "Feavyour, John"]
[Black "Woolley, Jos"]
[Result "0-1"]
[WhiteElo "2095"]
[BlackElo "2091"]
[PlyCount "70"]
[EventDate "2007.05.26"]
[EventType "team"]
[EventRounds "11"]
[EventCountry "ENG"]
[WhiteTeam "Ang Avengers"]
[BlackTeam "Pandoras Box"]

1. d4 Nf6 2. c4 c6 3. Nf3 d5 4. Nc3 e6 5. Bg5 h6 6. Bxf6 Qxf6 7. e3 Nd7 8. Bd3
g6 9. O-O Bg7 10. Re1 O-O 11. Rc1 dxc4 12. Bxc4 e5 13. d5 Nb6 14. Ne4 Qd8 15.
dxc6 Nxc4 16. Rxc4 bxc6 17. Qa4 Be6 18. Rcc1 Bd5 19. Red1 Qb6 20. b3 Rfd8 21.
Nc3 a5 22. Nxd5 cxd5 23. h3 Rd6 24. a3 Rb8 25. Rb1 Qb5 26. Qh4 Qd7 27. g4 Rdb6
28. Qg3 Qe6 29. Nd2 e4 30. f4 exf3 31. Qxf3 Re8 32. Nf1 Qe7 33. Qxd5 Qxa3 34.
Qd7 Reb8 35. Ra1 Bxa1 0-1

[Event "4NCL/Div4/FCA2 vs. MONM"]
[Site "Sunningdale ENG"]
[Date "2007.05.26"]
[Round "9.1"]
[White "Fraser-Mitchell, Jeremy"]
[Black "Sully, David"]
[Result "1/2-1/2"]
[WhiteElo "2084"]
[BlackElo "2129"]
[PlyCount "33"]
[EventDate "2007.05.26"]
[EventType "team"]
[EventRounds "11"]
[EventCountry "ENG"]
[WhiteTeam "FCA Solutions 2"]
[BlackTeam "Monmouth"]

1. d4 e6 2. e4 d5 3. Nc3 dxe4 4. f3 e3 5. Bxe3 Nf6 6. Bd3 Nbd7 7. Qd2 a6 8.
Nge2 c5 9. O-O cxd4 10. Nxd4 Be7 11. Rad1 O-O 12. Qf2 Qc7 13. Kh1 b5 14. Rfe1
Bb7 15. Qh4 Rfe8 16. Qh3 Nc5 17. Be2 1/2-1/2

[Event "4NCL/Div4/FCA2 vs. MONM"]
[Site "Sunningdale ENG"]
[Date "2007.05.26"]
[Round "9.2"]
[White "Waterfield, John"]
[Black "Freeman, Richard C P"]
[Result "0-1"]
[WhiteElo "2035"]
[BlackElo "2091"]
[PlyCount "62"]
[EventDate "2007.05.26"]
[EventType "team"]
[EventRounds "11"]
[EventCountry "ENG"]
[WhiteTeam "Monmouth"]
[BlackTeam "FCA Solutions 2"]

1. e4 c5 2. d4 cxd4 3. c3 g6 4. cxd4 d5 5. e5 Nc6 6. Nc3 Bg7 7. Be3 f6 8. exf6
exf6 9. g4 Nge7 10. Be2 Be6 11. Nh3 O-O 12. Nf4 Bf7 13. h4 f5 14. Qd2 Qb6 15.
O-O-O Na5 16. Kb1 Nc4 17. Bxc4 dxc4 18. d5 Qa5 19. d6 Nc6 20. gxf5 Qxf5+ 21.
Ka1 b5 22. Nce2 b4 23. Nd4 Qd7 24. h5 Qxd6 25. hxg6 hxg6 26. Nxc6 Qxc6 27. Bd4
Rad8 28. Ne2 c3 29. bxc3 bxc3 30. Qc2 Bxd4 31. Nxd4 Rxd4 0-1

[Event "4NCL/Div4/FCA2 vs. MONM"]
[Site "Sunningdale ENG"]
[Date "2007.05.26"]
[Round "9.3"]
[White "Elwin, Adrian G"]
[Black "Davis, Lee"]
[Result "1-0"]
[WhiteElo "2041"]
[BlackElo "2015"]
[PlyCount "125"]
[EventDate "2007.05.26"]
[EventType "team"]
[EventRounds "11"]
[EventCountry "ENG"]
[WhiteTeam "FCA Solutions 2"]
[BlackTeam "Monmouth"]

1. Nf3 g6 2. c4 Bg7 3. d4 d6 4. e4 Nf6 5. Nc3 O-O 6. Be2 e5 7. dxe5 dxe5 8.
Qxd8 Rxd8 9. Bg5 Re8 10. O-O-O h6 11. Bh4 Bg4 12. Nd5 Nxd5 13. cxd5 g5 14. Bg3
f5 15. exf5 Bxf5 16. Rhe1 Nd7 17. Bb5 c6 18. dxc6 bxc6 19. Bc4+ Kh8 20. Nd2 Nb6
21. Bb3 e4 22. Bc2 Bg4 23. f3 exf3 24. gxf3 Bh5 25. Be4 Na4 26. Nc4 Nc5 27.
Bxc6 Rxe1 28. Bxe1 Rc8 29. Bd5 Na4 30. b3 Nb6 31. Bb7 Rf8 32. Nxb6 axb6 33. Rd3
Bg6 34. Re3 Rf7 35. Be4 Re7 36. Bb4 Re8 37. Kd2 Bd4 38. Bc3 Bxc3+ 39. Kxc3 g4
40. Kd2 Bxe4 41. Rxe4 Rd8+ 42. Ke3 gxf3 43. Kxf3 Rd2 44. Re2 Rd6 45. Rg2 b5 46.
Ke4 Kh7 47. a4 bxa4 48. bxa4 Ra6 49. Ra2 Kg6 50. a5 Kf6 51. Kd5 Ke7 52. Kc5 Kd7
53. Kb5 Ra8 54. a6 Kc7 55. Rc2+ Kd7 56. Rg2 Rb8+ 57. Kc5 Rc8+ 58. Kd5 Rc1 59.
Rg7+ Kc8 60. a7 Ra1 61. h4 Ra5+ 62. Ke6 Ra6+ 63. Kf5 1-0

[Event "4NCL/Div4/FCA2 vs. MONM"]
[Site "Sunningdale ENG"]
[Date "2007.05.26"]
[Round "9.4"]
[White "Thomas, Kevin"]
[Black "Kendall, Paul S N"]
[Result "1-0"]
[WhiteElo "1980"]
[BlackElo "2065"]
[PlyCount "75"]
[EventDate "2007.05.26"]
[EventType "team"]
[EventRounds "11"]
[EventCountry "ENG"]
[WhiteTeam "Monmouth"]
[BlackTeam "FCA Solutions 2"]

1. e4 e5 2. Bc4 Nf6 3. Nf3 Nc6 4. d3 h6 5. Be3 d5 6. exd5 Nxd5 7. c3 Be6 8. Bb5
Bd6 9. Nbd2 O-O 10. Bxc6 bxc6 11. O-O f5 12. c4 Nxe3 13. fxe3 Rb8 14. Qc2 Qf6
15. c5 Be7 16. d4 e4 17. Ne5 Qg5 18. Rae1 Bf6 19. Nxc6 Rbe8 20. Nc4 Bd5 21. Nb4
Bf7 22. b3 f4 23. Rxf4 Bxd4 24. Rxf7 Rxf7 25. exd4 e3 26. Nd3 Qh4 27. Nce5 Rf5
28. Qc4+ Kh7 29. Rxe3 Ref8 30. Nf3 Qf6 31. Nde5 Rd8 32. Qc2 g6 33. Qe4 h5 34.
Nc6 Rd7 35. Qe6 Qxe6 36. Rxe6 g5 37. Re5 Rxe5 38. Nfxe5 1-0

[Event "4NCL/Div4/FCA2 vs. MONM"]
[Site "Sunningdale ENG"]
[Date "2007.05.26"]
[Round "9.5"]
[White "Adebajo, Femi"]
[Black "Thomas, Jac"]
[Result "1-0"]
[WhiteElo "2046"]
[BlackElo "1932"]
[PlyCount "81"]
[EventDate "2007.05.26"]
[EventType "team"]
[EventRounds "11"]
[EventCountry "ENG"]
[WhiteTeam "FCA Solutions 2"]
[BlackTeam "Monmouth"]

1. e4 d6 2. d4 Nf6 3. Nc3 g6 4. h3 c6 5. Be3 Qa5 6. Qd2 Nbd7 7. Nf3 b5 8. e5 b4
9. exf6 bxc3 10. bxc3 Nxf6 11. c4 Qa4 12. Bd3 Rb8 13. O-O Bg7 14. Rfe1 O-O 15.
Bh6 e6 16. Bxg7 Kxg7 17. Qf4 Ba6 18. Qxd6 Bxc4 19. Bxc4 Qxc4 20. Ne5 Qd5 21.
Qa3 Rb7 22. Rad1 Rc8 23. c4 Qd8 24. Qc3 Kg8 25. Qf3 Rbc7 26. Rb1 Qe7 27. Rb3
Nd7 28. Ng4 h5 29. Nh2 Qd6 30. Qe3 c5 31. Nf3 cxd4 32. Nxd4 Rxc4 33. Nb5 Qa6
34. Rd1 Nc5 35. Rbb1 Rb8 36. Qe5 Rf8 37. Nd6 Rc2 38. Qf6 Nd7 39. Qe7 Nb6 40.
Nxf7 Qe2 41. Nh6+ 1-0

[Event "4NCL/Div4/FCA2 vs. MONM"]
[Site "Sunningdale ENG"]
[Date "2007.05.26"]
[Round "9.6"]
[White "Dodington, Russell"]
[Black "Majer, Chris E"]
[Result "1/2-1/2"]
[WhiteElo "1748"]
[BlackElo "2036"]
[PlyCount "40"]
[EventDate "2007.05.26"]
[EventType "team"]
[EventRounds "11"]
[EventCountry "ENG"]
[WhiteTeam "Monmouth"]
[BlackTeam "FCA Solutions 2"]

1. e4 d5 2. exd5 Qxd5 3. Nc3 Qd6 4. d4 Nf6 5. Bb5+ c6 6. Be2 Bf5 7. Nf3 e6 8.
O-O Be7 9. a3 O-O 10. Be3 Nbd7 11. Nh4 Bg6 12. Nxg6 hxg6 13. Qd2 Nb6 14. Bf4
Qd7 15. Rad1 Nbd5 16. Bg3 Nxc3 17. Qxc3 Ne4 18. Qd3 Nxg3 19. Qxg3 Rad8 20. c3
Qd6 1/2-1/2

[Event "4NCL/Div4/CELT vs. MET"]
[Site "Sunningdale ENG"]
[Date "2007.05.26"]
[Round "9.1"]
[White "Wipperman, Till"]
[Black "Dickson, George"]
[Result "1/2-1/2"]
[WhiteElo "2422"]
[BlackElo "2163"]
[PlyCount "92"]
[EventDate "2007.05.26"]
[EventType "team"]
[EventRounds "11"]
[EventCountry "ENG"]
[WhiteTeam "Celtic Tigers"]
[BlackTeam "Metropolitan"]

1. e4 e5 2. Nf3 Nc6 3. Bb5 a6 4. Bxc6 dxc6 5. O-O Bg4 6. h3 Bxf3 7. Qxf3 Qf6 8.
d3 Qxf3 9. gxf3 O-O-O 10. f4 exf4 11. Bxf4 Bd6 12. Be3 f5 13. Nd2 f4 14. Bd4
Nh6 15. Kh1 Rhg8 16. Rg1 g6 17. Bf6 Rde8 18. d4 Be7 19. Bxe7 Rxe7 20. Kg2 Rd8
21. c3 c5 22. d5 Nf7 23. f3 Rxd5 24. exd5 Re2+ 25. Kh1 Rxd2 26. Rg2 Rxd5 27.
Re1 Ne5 28. Rg5 Nxf3 29. Rxd5 Nxe1 30. Rd1 Nc2 31. Rf1 g5 32. Rg1 h6 33. h4 Ne3
34. hxg5 hxg5 35. Rxg5 f3 36. Kg1 b6 37. b3 f2+ 38. Kxf2 Nd1+ 39. Kf3 Nxc3 40.
a4 c4 41. bxc4 Nxa4 42. Ke4 Nc5+ 43. Kd5 Kb7 44. Rg7 a5 45. Rh7 Nb3 46. Ke4
Nc5+ 1/2-1/2

[Event "4NCL/Div4/CELT vs. MET"]
[Site "Sunningdale ENG"]
[Date "2007.05.26"]
[Round "9.2"]
[White "Calvert, D Ian"]
[Black "Kemp, Peter D"]
[Result "1/2-1/2"]
[WhiteElo "2070"]
[BlackElo "2195"]
[PlyCount "65"]
[EventDate "2007.05.26"]
[EventType "team"]
[EventRounds "11"]
[EventCountry "ENG"]
[WhiteTeam "Metropolitan"]
[BlackTeam "Celtic Tigers"]

1. b3 e5 2. Bb2 Nc6 3. e3 d5 4. Bb5 Bd6 5. f4 Qe7 6. Nf3 f6 7. Nc3 Be6 8. O-O
Nh6 9. fxe5 fxe5 10. e4 dxe4 11. Bxc6+ bxc6 12. Nxe4 O-O 13. Qe2 Bg4 14. Qc4+
Kh8 15. Nfg5 Bd7 16. d4 exd4 17. Bxd4 Rae8 18. Nxd6 cxd6 19. Rxf8+ Rxf8 20. Nf3
c5 21. Re1 Qd8 22. Be3 Nf7 23. Bd2 Bc6 24. Rf1 Qe8 25. Qh4 Qe4 26. Qxe4 Bxe4
27. Ng5 Bg6 28. Nxf7+ Rxf7 29. Rxf7 Bxf7 30. c4 d5 31. cxd5 Bxd5 32. Be3 c4 33.
bxc4 1/2-1/2

[Event "4NCL/Div4/CELT vs. MET"]
[Site "Sunningdale ENG"]
[Date "2007.05.26"]
[Round "9.3"]
[White "Thomas, Robert K"]
[Black "Fegan, Chris"]
[Result "0-1"]
[WhiteElo "2147"]
[BlackElo "2064"]
[PlyCount "74"]
[EventDate "2007.05.26"]
[EventType "team"]
[EventRounds "11"]
[EventCountry "ENG"]
[WhiteTeam "Celtic Tigers"]
[BlackTeam "Metropolitan"]

1. d4 d5 2. c4 c6 3. Nf3 Nf6 4. Nc3 e6 5. e3 Bd6 6. Qc2 O-O 7. b3 Nbd7 8. Be2
Re8 9. O-O e5 10. cxd5 cxd5 11. Nb5 Bb8 12. dxe5 Nxe5 13. Ba3 Qa5 14. Nxe5 Bxe5
15. b4 Qb6 16. Bb2 Bd7 17. Bxe5 Rxe5 18. Qb2 Bxb5 19. Bxb5 Re4 20. Be2 Rxb4 21.
Qc3 d4 22. exd4 Qxd4 23. Qxd4 Rxd4 24. Bf3 Rb8 25. Rfc1 Rd7 26. Rc2 g6 27. Rac1
b5 28. Rc7 Rbd8 29. g3 a5 30. Rxd7 Rxd7 31. Rc8+ Kg7 32. Ra8 a4 33. Bc6 Rd1+
34. Kg2 Rb1 35. Ra5 Rb2 36. Bxb5 Ne4 37. Ra7 Rxb5 0-1

[Event "4NCL/Div4/CELT vs. MET"]
[Site "Sunningdale ENG"]
[Date "2007.05.26"]
[Round "9.4"]
[White "Djabri, Zafer M"]
[Black "Haldane, Robin"]
[Result "1-0"]
[WhiteElo "2086"]
[BlackElo "2117"]
[PlyCount "117"]
[EventDate "2007.05.26"]
[EventType "team"]
[EventRounds "11"]
[EventCountry "ENG"]
[WhiteTeam "Metropolitan"]
[BlackTeam "Celtic Tigers"]

1. c4 e5 2. Nc3 Nf6 3. Nf3 Nc6 4. e3 d5 5. cxd5 Nxd5 6. Bb5 Nxc3 7. bxc3 Bd6 8.
d4 e4 9. Nd2 Qg5 10. Qa4 Bd7 11. O-O a6 12. Bxc6 Bxc6 13. Qc2 O-O-O 14. c4 Rhe8
15. Bb2 Re6 16. g3 Rh6 17. d5 Qh5 18. h4 g5 19. Qxe4 gxh4 20. Qf3 hxg3 21. Qxh5
Rxh5 22. dxc6 Rg8 23. cxb7+ Kb8 24. f4 g2 25. Rfd1 Rh1+ 26. Kf2 g1=Q+ 27. Rxg1
Rh2+ 28. Kf3 Rxg1 29. Rxg1 Rxd2 30. Bd4 Kxb7 31. Rg7 Rxa2 32. c5 Be7 33. Rxf7
Bh4 34. Rxh7 Be1 35. f5 Rf2+ 36. Ke4 Kc6 37. Ke5 Bb4 38. Ke6 a5 39. f6 a4 40.
Rh5 a3 41. Rf5 Rxf5 42. Kxf5 a2 43. f7 Bxc5 44. Bxc5 a1=Q 45. f8=Q Qf1+ 46. Ke5
Qb5 47. e4 Qa5 48. Qe7 Qc3+ 49. Bd4 Qg3+ 50. Kf6 Qh4+ 51. Kf7 Qh5+ 52. Kf8 Qh6+
53. Bg7 Qe3 54. e5 Kb7 55. e6 Kc8 56. Qe8+ Kb7 57. e7 Qc5 58. Qf7 Kc8 59. Kg8
1-0

[Event "4NCL/Div4/CELT vs. MET"]
[Site "Sunningdale ENG"]
[Date "2007.05.26"]
[Round "9.5"]
[White "Josse, Mark"]
[Black "Djabri, Katherine"]
[Result "1-0"]
[WhiteElo "2080"]
[BlackElo "2027"]
[PlyCount "45"]
[EventDate "2007.05.26"]
[EventType "team"]
[EventRounds "11"]
[EventCountry "ENG"]
[WhiteTeam "Celtic Tigers"]
[BlackTeam "Metropolitan"]

1. e4 c5 2. Nc3 Nc6 3. Nf3 d6 4. d4 cxd4 5. Nxd4 e5 6. Nb3 f5 7. Bc4 Nf6 8. Bg5
Be7 9. Bxf6 Bxf6 10. Qd5 Rf8 11. O-O-O Be7 12. a3 a6 13. exf5 Bxf5 14. Ne4 Bxe4
15. Qxe4 g6 16. Nc5 Qb6 17. Ne6 Rxf2 18. Rhf1 Rxf1 19. Rxf1 Nd8 20. Qg4 Nc6 21.
Nf8 Qe3+ 22. Kb1 Rd8 23. Qe6 1-0

[Event "4NCL/Div4/CELT vs. MET"]
[Site "Sunningdale ENG"]
[Date "2007.05.26"]
[Round "9.6"]
[White "Cooke, Charlie"]
[Black "Fathallah, Joe"]
[Result "0-1"]
[WhiteElo "1945"]
[BlackElo "1922"]
[PlyCount "56"]
[EventDate "2007.05.26"]
[EventType "team"]
[EventRounds "11"]
[EventCountry "ENG"]
[WhiteTeam "Metropolitan"]
[BlackTeam "Celtic Tigers"]

1. d4 f5 2. c4 Nf6 3. Nc3 g6 4. Bg5 Bg7 5. h3 d6 6. Nf3 O-O 7. Qd2 c6 8. Bh6
Qc7 9. Bxg7 Kxg7 10. Rc1 e5 11. dxe5 dxe5 12. e3 Nbd7 13. Be2 Nc5 14. b4 Ne6
15. O-O f4 16. exf4 Nxf4 17. Rfe1 Bxh3 18. gxh3 Nxh3+ 19. Kg2 Nf4+ 20. Kf1 Rad8
21. Qc2 Qc8 22. Ng1 Ng4 23. Bxg4 Qxg4 24. f3 Nd3 25. Re4 Rxf3+ 26. Nxf3 Qxf3+
27. Kg1 Qg3+ 28. Kh1 Nf2+ 0-1

[Event "4NCL/Div4/HAL vs. CAMB2"]
[Site "Sunningdale ENG"]
[Date "2007.05.26"]
[Round "9.1"]
[White "Doran, Michael J"]
[Black "Cooley, Oliver"]
[Result "0-1"]
[WhiteElo "2005"]
[BlackElo "2090"]
[PlyCount "92"]
[EventDate "2007.05.26"]
[EventType "team"]
[EventRounds "11"]
[EventCountry "ENG"]
[WhiteTeam "Halesowen"]
[BlackTeam "Cambridge Uni 2 "]

1. e4 d5 2. exd5 Qxd5 3. Nc3 Qa5 4. d4 Nf6 5. Bc4 Bf5 6. Bd2 c6 7. Nf3 e6 8.
O-O Nbd7 9. Re1 Qc7 10. a3 Bd6 11. Qe2 O-O 12. Bg5 Nb6 13. Bd3 Nbd5 14. Bxf5
exf5 15. Qd3 Nxc3 16. Bxf6 Ne4 17. Be5 {=} Rad8 18. c3 Bxe5 19. Nxe5 Qxe5 20.
f3 Rfe8 21. dxe5 Rxd3 22. fxe4 f4 23. Rad1 Red8 24. Rxd3 Rxd3 25. Rf1 g5 26. h4
Re3 27. hxg5 Rxe4 28. Kh2 Kg7 29. Kh3 Kg6 30. Kg4 Rxe5 31. Rxf4 Rxg5+ 32. Kh3
Rd5 33. Rg4+ Kf6 34. Rb4 b6 35. Rf4+ Ke6 36. Rh4 Rd2 37. Rxh7 Rxb2 38. Rh6+ f6
39. Rh7 a5 40. Rc7 Kd6 41. Rf7 Rf2 42. g3 Rf3 43. Kg4 Rxc3 44. Rxf6+ Ke5 45.
Rf5+ Ke6 46. Rf3 Rxf3 0-1

[Event "4NCL/Div4/HAL vs. CAMB2"]
[Site "Sunningdale ENG"]
[Date "2007.05.26"]
[Round "9.2"]
[White "Spencer, Carl"]
[Black "Addis, Mark"]
[Result "0-1"]
[WhiteElo "2030"]
[BlackElo "2060"]
[PlyCount "64"]
[EventDate "2007.05.26"]
[EventType "team"]
[EventRounds "11"]
[EventCountry "ENG"]
[WhiteTeam "Cambridge Uni 2 "]
[BlackTeam "Halesowen"]

1. e4 g6 2. d4 Bg7 3. g3 d6 4. Bg2 Nf6 5. Ne2 O-O 6. O-O c5 7. c4 Nc6 8. d5 Na5
9. Qd3 a6 10. Nbc3 Rb8 11. Bd2 b5 12. b3 bxc4 13. bxc4 Nd7 14. f4 Nb6 15. Rae1
Nbxc4 16. Bc1 Bd7 17. g4 Bxg4 18. Qg3 Bd7 19. h4 Nb2 20. e5 c4 21. Be3 Nd3 22.
Bd4 Nxe1 23. Rxe1 Nb7 24. h5 Nc5 25. hxg6 hxg6 26. e6 fxe6 27. dxe6 Nxe6 28.
Bd5 Qe8 29. Qe3 Qf7 30. Bxg7 Kxg7 31. Rf1 Qf5 32. Bg2 Qc5 0-1

[Event "4NCL/Div4/HAL vs. CAMB2"]
[Site "Sunningdale ENG"]
[Date "2007.05.26"]
[Round "9.3"]
[White "Lee, Darren"]
[Black "Gooding, Ian"]
[Result "0-1"]
[WhiteElo "1955"]
[BlackElo "1994"]
[PlyCount "80"]
[EventDate "2007.05.26"]
[EventType "team"]
[EventRounds "11"]
[EventCountry "ENG"]
[WhiteTeam "Halesowen"]
[BlackTeam "Cambridge Uni 2 "]

1. e4 e6 2. d4 d5 3. Nd2 Nf6 4. e5 Nfd7 5. Ngf3 c5 6. c4 dxc4 7. Nxc4 b5 8.
Nd6+ Bxd6 9. exd6 cxd4 10. Qxd4 O-O 11. Bd3 Nf6 12. Be4 Nxe4 13. Qxe4 Qb6 14.
Ng5 f5 15. Qd3 h6 16. Be3 Qa5+ 17. Bd2 b4 18. Nf3 Nd7 19. Qb3 Nc5 20. Qc4 Ba6
21. Qd4 Qb5 22. O-O-O Nd3+ 23. Kb1 e5 24. Qe3 e4 25. Ne1 Qe5 26. Nxd3 Bxd3+ 27.
Ka1 f4 28. Qh3 Qxd6 29. Bc1 a5 30. Rhe1 Qg6 31. Qd7 Rfd8 32. Qc7 a4 33. Qxf4 a3
34. Qe5 axb2+ 35. Qxb2 Qb6 36. Qb3+ Kh7 37. f3 Rdc8 38. Qf7 Rc7 39. Qf5+ g6 40.
Qd5 Ra5 0-1

[Event "4NCL/Div4/HAL vs. CAMB2"]
[Site "Sunningdale ENG"]
[Date "2007.05.26"]
[Round "9.4"]
[White "Gallagher, Ian G"]
[Black "Peck, Windsor W"]
[Result "1-0"]
[WhiteElo "2005"]
[BlackElo "1860"]
[PlyCount "93"]
[EventDate "2007.05.26"]
[EventType "team"]
[EventRounds "11"]
[EventCountry "ENG"]
[WhiteTeam "Cambridge Uni 2 "]
[BlackTeam "Halesowen"]

1. d4 d5 2. Bg5 Nd7 3. e3 Ngf6 4. c4 c6 5. Nc3 Qa5 6. Qd2 e6 7. cxd5 exd5 8.
Bd3 Bb4 9. Nge2 O-O 10. O-O Ne4 11. Bxe4 dxe4 12. Bh4 f5 13. a3 Bd6 14. Nxe4
Qxd2 15. Nxd2 Nf6 16. b4 Bd7 17. Bg3 Be7 18. Nc3 Be6 19. Rfc1 Rac8 20. Rab1
Rfd8 21. Nf3 h6 22. Na4 Ne4 23. Nc5 Bxc5 24. bxc5 Nxg3 25. hxg3 Rb8 26. Ne5 Bf7
27. Rb4 Be8 28. Rcb1 b5 29. cxb6 axb6 30. Rxb6 Rxb6 31. Rxb6 Ra8 32. Rb3 Kf8
33. Nd3 Ke7 34. Nc5 Kd6 35. a4 Kd5 36. Rb4 Ra7 37. f3 Bg6 38. Kf2 Bh7 39. Ke2
g5 40. Kd3 Kd6 41. e4 fxe4+ 42. fxe4 Bg6 43. Rb7 Rxb7 44. Nxb7+ Kc7 45. Nc5 Kb6
46. Ke3 Ka5 47. e5 1-0

[Event "4NCL/Div4/HAL vs. CAMB2"]
[Site "Sunningdale ENG"]
[Date "2007.05.26"]
[Round "9.5"]
[White "Llewelyn, John D"]
[Black "Kreuzer, Christopher"]
[Result "0-1"]
[WhiteElo "1845"]
[BlackElo "1990"]
[PlyCount "82"]
[EventDate "2007.05.26"]
[EventType "team"]
[EventRounds "11"]
[EventCountry "ENG"]
[WhiteTeam "Halesowen"]
[BlackTeam "Cambridge Uni 2 "]

1. e4 c5 2. Nf3 d6 3. Bb5+ Bd7 4. Bxd7+ Qxd7 5. O-O Nc6 6. c3 Nf6 7. d4 Nxe4 8.
d5 Nd8 9. Re1 Nf6 10. Bg5 h6 11. Bh4 g5 12. Bg3 Bg7 13. a4 Nh5 14. Na3 Nxg3 15.
hxg3 O-O 16. Nc4 b6 17. Qd3 Nb7 18. Re2 Rae8 19. Rae1 Bf6 20. Re4 Kg7 21. Nh2
e6 22. Ng4 e5 23. Qf3 Bd8 24. Ncxe5 dxe5 25. Nxe5 Qxd5 26. Rd1 Qe6 27. Rd7 Bf6
28. Rxb7 Bxe5 29. Qe3 Qd5 30. Rxa7 Bb8 31. Rae7 Rxe7 32. Rxe7 Qd1+ 33. Kh2 Qh5+
34. Kg1 Qd1+ 35. Kh2 Qxa4 36. Re4 Qc6 37. c4 Rd8 38. b3 Qf6 39. f4 gxf4 40.
Rxf4 Bxf4 41. gxf4 Qh4+ 0-1

[Event "4NCL/Div4/HAL vs. CAMB2"]
[Site "Sunningdale ENG"]
[Date "2007.05.26"]
[Round "9.6"]
[White "Campbell, Mark"]
[Black "Evans, Joyce"]
[Result "1-0"]
[WhiteElo "1975"]
[BlackElo "1425"]
[PlyCount "97"]
[EventDate "2007.05.26"]
[EventType "team"]
[EventRounds "11"]
[EventCountry "ENG"]
[WhiteTeam "Cambridge Uni 2 "]
[BlackTeam "Halesowen"]

1. e4 e5 2. Nf3 Nc6 3. Bb5 d6 4. d4 Bd7 5. c3 Nf6 6. O-O Nxe4 7. Re1 Nf6 8.
dxe5 Nxe5 9. Nxe5 dxe5 10. Rxe5+ Be7 11. Bc4 O-O 12. Bg5 h6 13. Bh4 a6 14. Nd2
Bb5 15. Bxb5 axb5 16. Rxb5 b6 17. Re5 Re8 18. Qe2 Qd7 19. Re1 Kf8 20. Bxf6 Bxf6
21. Rxe8+ Rxe8 22. Qxe8+ Qxe8 23. Rxe8+ Kxe8 24. f4 g6 25. Kf2 Kd7 26. Ke3 Ke6
27. Ke4 Be7 28. Nf3 c5 29. Ne5 h5 30. a4 Kd6 31. Nxf7+ Ke6 32. Ne5 Kf6 33. Nd7+
Ke6 34. Nxb6 Bd8 35. Nc4 h4 36. Ne5 Kf6 37. Nd7+ Ke6 38. Nxc5+ Kf6 39. b4 Kf7
40. a5 Kf6 41. a6 Bb6 42. Nd7+ Kf7 43. Nxb6 Kf6 44. a7 g5 45. fxg5+ Kxg5 46.
a8=Q Kg4 47. Qg8+ Kh5 48. Kf5 Kh6 49. Qh8# 1-0

[Event "4NCL/Div4/LEICS vs. WEA1"]
[Site "Sunningdale ENG"]
[Date "2007.05.26"]
[Round "9.1"]
[White "Mansson, James C"]
[Black "Fryer, David W"]
[Result "1-0"]
[WhiteElo "2159"]
[BlackElo "2076"]
[PlyCount "71"]
[EventDate "2007.05.26"]
[EventType "team"]
[EventRounds "11"]
[EventCountry "ENG"]
[WhiteTeam "Leicester"]
[BlackTeam "W Collective 1"]

1. Nf3 e6 2. c4 f5 3. g3 Nf6 4. Bg2 Be7 5. O-O O-O 6. d4 d6 7. Nc3 Qe8 8. Re1
Qg6 9. e4 fxe4 10. Nxe4 Nxe4 11. Rxe4 Nc6 12. Re2 Bf6 13. Be3 Kh8 14. a3 a5 15.
d5 Ne5 16. Nxe5 Bxe5 17. Rc2 Rb8 18. Qd2 b6 19. Re1 Bf6 20. b4 axb4 21. axb4 e5
22. c5 bxc5 23. bxc5 Bf5 24. Rcc1 Rb7 25. Qa5 Qf7 26. Qa6 Rb2 27. cxd6 Bg5 28.
Rxc7 Bd7 29. Rxd7 Qxd7 30. Bxg5 Rbxf2 31. Be7 Qg4 32. Bxf8 Qd4 33. Kh1 Qd2 34.
Rf1 Rxg2 35. Bxg7+ Kxg7 36. Qb7+ 1-0

[Event "4NCL/Div4/LEICS vs. WEA1"]
[Site "Sunningdale ENG"]
[Date "2007.05.26"]
[Round "9.2"]
[White "Grant, David"]
[Black "Jones, Christopher M"]
[Result "1/2-1/2"]
[WhiteElo "1914"]
[BlackElo "2150"]
[PlyCount "63"]
[EventDate "2007.05.26"]
[EventType "team"]
[EventRounds "11"]
[EventCountry "ENG"]
[WhiteTeam "W Collective 1"]
[BlackTeam "Leicester"]

1. e4 d5 2. exd5 Nf6 3. d4 Bg4 4. Nf3 Nxd5 5. c4 Nf6 6. Be2 e6 7. O-O Bd6 8.
Qb3 Qc8 9. Nc3 O-O 10. Bg5 Nbd7 11. h3 Bh5 12. Rfd1 Re8 13. Rac1 h6 14. Be3 e5
15. c5 Bf8 16. Bc4 exd4 17. Bxd4 Nxc5 18. Bxc5 Bxc5 19. Nd5 Ne4 20. Rc2 Qf5 21.
Nxc7 Rad8 22. Rd5 Rxd5 23. Bxd5 Re7 24. Qd3 Bb6 25. Nb5 Bxf3 26. gxf3 Qg5+ 27.
Kf1 Nc5 28. Qc4 Qf5 29. Kg2 Re1 30. f4 Qg6+ 31. Kf3 Qh5+ 32. Kg2 1/2-1/2

[Event "4NCL/Div4/LEICS vs. WEA1"]
[Site "Sunningdale ENG"]
[Date "2007.05.26"]
[Round "9.3"]
[White "Gibson, Christopher A"]
[Black "Woods, Tim"]
[Result "1-0"]
[WhiteElo "2024"]
[BlackElo "1860"]
[PlyCount "67"]
[EventDate "2007.05.26"]
[EventType "team"]
[EventRounds "11"]
[EventCountry "ENG"]
[WhiteTeam "Leicester"]
[BlackTeam "W Collective 1"]

1. d4 d6 2. c4 Nf6 3. Nc3 g6 4. e4 Bg7 5. f3 O-O 6. Be3 Nbd7 7. Nh3 e5 8. d5
Nh5 9. g4 Nf4 10. Nxf4 exf4 11. Bxf4 f5 12. gxf5 gxf5 13. Bg3 Ne5 14. Be2 fxe4
15. Nxe4 Qe7 16. O-O Bh3 17. Re1 Ng6 18. Bf1 Bxf1 19. Rxf1 Nf4 20. Qc2 Rf5 21.
Rae1 Raf8 22. Qd2 Be5 23. Kh1 Rh5 24. Rg1 Kh8 25. Nf2 Nh3 26. Nxh3 Rxh3 27. f4
Qf7 28. fxe5 Qf3+ 29. Qg2 Rxg3 30. hxg3 Qh5+ 31. Qh2 Qf3+ 32. Rg2 Rf5 33. g4
Rxe5 34. Rxe5 1-0

[Event "4NCL/Div4/LEICS vs. WEA1"]
[Site "Sunningdale ENG"]
[Date "2007.05.26"]
[Round "9.4"]
[White "Cumming, Rhys"]
[Black "Hewitt, Sean D"]
[Result "0-1"]
[WhiteElo "1818"]
[BlackElo "1945"]
[PlyCount "66"]
[EventDate "2007.05.26"]
[EventType "team"]
[EventRounds "11"]
[EventCountry "ENG"]
[WhiteTeam "W Collective 1"]
[BlackTeam "Leicester"]

1. e4 e5 2. Nf3 Nc6 3. Bc4 Nf6 4. d3 Be7 5. O-O O-O 6. Be3 d6 7. c3 Bg4 8. Nbd2
Na5 9. Bb3 Nxb3 10. Qxb3 b6 11. Rad1 c5 12. h3 Be6 13. Qc2 Nd7 14. d4 f6 15. d5
Bf7 16. Nh4 Re8 17. Nf5 Bg6 18. Rfe1 Nf8 19. f4 Bf7 20. Nf3 Ng6 21. fxe5 fxe5
22. Nxe7+ Qxe7 23. Rf1 Rf8 24. Rf2 Be8 25. Rdf1 Bd7 26. Qe2 Nf4 27. Bxf4 Rxf4
28. Nd2 Raf8 29. Rxf4 Rxf4 30. Qa6 Qg5 31. Nf3 Qg3 32. Qxa7 Bxh3 33. Rf2 h6 0-1